000 00525cab a2200241 4500
001 WB3521-29
008 090401t1999 xxu||||| |||| 00| 0 eng d
035 _a(Sirsi) u93718
041 _aeng
245 _aGermany
260 _c1999
350 _a0
490 _aFinancial Times
_v1 June 1999 (14) LOAN
650 _aBERLIN
650 _aBONN
650 _aECONOMIC SURVEY
650 _aEUROPE
650 _aFRANKFURT
650 _aGERMANY
690 _aOVERSEAS-EUROPE
942 _n0
948 _c02/06/1999
999 _c59408
_d59408